100 Largest Cities in Texas (2024) - Statistics

General Stats
  • This quiz has been taken 51 times
  • The average score is 52 of 100
Answer Stats
Hint Answer % Correct
983,126 Austin
100%
1,295,447 Dallas
100%
2,305,889 Houston
100%
1,506,593 San Antonio
100%
675,872 El Paso
97%
989,842 Fort Worth
97%
202,075 Amarillo
94%
171,774 Brownsville
92%
314,431 Corpus Christi
92%
269,886 Lubbock
92%
147,434 Waco
92%
256,895 Laredo
89%
136,012 Midland
89%
394,992 Arlington
86%
159,609 Denton
86%
52,527 Galveston
86%
236,258 Garland
86%
146,763 McAllen
86%
110,886 Odessa
86%
236,432 Frisco
83%
292,706 Plano
83%
112,296 Tyler
83%
164,618 Killeen
81%
217,540 McKinney
81%
102,815 Wichita Falls
81%
109,198 Beaumont
78%
108,006 Sugar Land
78%
129,366 Abilene
75%
143,965 Pasadena
75%
98,164 San Angelo
75%
252,564 Irving
72%
127,875 College Station
69%
207,408 Grand Prairie
69%
146,132 Mesquite
69%
132,863 Round Rock
69%
127,909 Pearland
67%
117,565 Allen
64%
55,158 Port Arthur
64%
72,474 San Marcos
64%
83,421 Longview
61%
116,157 League City
58%
136,002 Lewisville
58%
117,793 New Braunfels
58%
134,083 Carrollton
56%
118,281 Richardson
56%
122,272 The Woodlands
56%
65,223 Victoria
56%
104,721 Georgetown
53%
46,583 Sherman
53%
96,271 Temple
53%
111,563 Conroe
50%
107,881 Edinburg
50%
51,687 Grapevine
50%
91,259 Bryan
44%
78,575 Missouri City
44%
65,628 Pflugerville
42%
59,063 Texas City
42%
83,282 Baytown
39%
77,272 Cedar Park
39%
80,500 Flower Mound
39%
49,329 Waxahachie
39%
59,265 Euless
36%
55,188 Rockwall
36%
55,858 DeSoto
33%
71,482 Harlingen
33%
68,498 Kyle
33%
87,902 Leander
33%
45,969 The Colony
33%
47,564 Cedar Hill
31%
87,422 Mission
31%
71,040 North Richland Hills
31%
63,998 Wylie
31%
48,742 Huntsville
28%
67,450 Rowlett
28%
47,645 Bedford
25%
58,771 Burleson
25%
41,001 Coppell
25%
80,691 Mansfield
25%
80,537 Pharr
25%
66,346 Spring
25%
44,793 Keller
22%
63,520 Little Elm
22%
41,362 Weatherford
22%
39,208 Copperas Cove
19%
40,522 Friendswood
19%
38,956 Hurst
19%
39,633 Lancaster
19%
44,678 Prosper
19%
42,966 Rosenberg
19%
43,898 Schertz
19%
41,739 Midlothian
17%
40,908 Socorro
17%
50,746 Celina
14%
40,345 Forney
14%
43,861 Weslaco
14%
45,067 Haltom City
11%
45,232 Hutto
11%
96,382 Atascocita
8%
43,030 Channelview
8%
50,742 Fulshear
0%
No matching quizzes found
Score Distribution
Percent of People with Each Score
Percentile by Number Answered
Your Score History
You have not taken this quiz